| 000 | 00515nam a2200181 i 4500 | ||
|---|---|---|---|
| 001 | bg | ||
| 100 | 1 | _aGmurman, Vladimir Efimovič. | |
| 245 | 0 |
_aRukovodstvo k reseniju zadac po teorii verojatnostej i matematiceskoj statistikie / _cV. E. Gmurman. |
|
| 250 | _aIzd. 2, dopol. | ||
| 260 |
_aMoskva : _b"Vyssaja Skola", _c1975. |
||
| 300 |
_as. 333, nlb. 2 : _brabl. |
||
| 500 | _a[Alf. ros.]. | ||
| 040 | _cBPK | ||
| 041 | _apol | ||
| 080 | _a519.2 | ||
| 942 | _cKS | ||
| 008 | s pl f |000 0 pol | ||
| 999 |
_c16027 _d16027 |
||
| 856 |
_uhttp://koha.tu.koszalin.pl/cgi-bin/koha/opac-detail.pl?biblionumber=16027 _yKatalog online BPK |
||